000 01206nam a2200301Ia 4500
999 _c5528
_d5528
003 OSt
005 20200624180200.0
008 191128s1988 sp ad gr 000 0dspa d
020 _a8475305024
040 _aCO-JMCR
_cCO-JMCR
041 1 _aspa
_heng
082 0 4 _a330.1556 /
_bM212e
_223
100 1 _aMeade, J.E.,
_eautor
_96111
245 1 0 _aLa economía justa /
_cJ.E. Meade ; traducción de José García-Durán
260 _aEspaña :
_bOrbis,
_c1988.
300 _a320 páginas :
_bgráficos a blanco y negro ;
_c20 cm.
490 0 _aBiblioteca de economía ;
_v14
500 _aIncluye apéndice e índice alfabético.
505 0 _aLos objetivos de la política económica -- Comparaciones interpersonales de utilidad -- La distinción entre eficiencia y distribución -- Los objetivos de las políticas de distribución -- Cambios demográficos -- La distribución en el tiempo
534 _pThe just economy
546 _aTraducido del inglés
650 1 4 _aRiqueza
_96112
650 2 4 _aDistribución de la tierra
_96113
650 2 4 _aEconomía del bienestar
_93975
650 2 4 _aEquidad económica
_96114
700 _aGarcía-Durán, José,
_etraductor
_96115
942 _2ddc
_cBK